000 00881nam a2200157 a 4500
001 000031743
005 20200930063139.0
008 110701s1945 dr c 000 | spa d
110 1 _aRepública Dominicana.
_bPresidente (1942-1952 : Trujillo Molina)
_957164
245 1 0 _aMensaje del honorable presidente Trujillo a la asamblea nacional ; y discurso del presidente de la misma Dr. M. de J. Troncoso de la Concha /
_cRafael L. Trujillo, M. de J. Troncoso de la Concha.
260 _aCiudad Trujillo, República Dominicana :
_bPartido Dominicano,
_c1945.
300 _a16 p. ;
_c24 cm.
501 _aPublicado con: discurso del presidente de la misma Dr. M. de J. Troncoso de la Concha en el 101 aniversario de la Independencia Nacional
700 _aTroncoso de la Concha, M. de J.,
_tDiscurso del presidente de la misma Dr. M. de J. Troncoso de la Concha
_957987
999 _c31235
_d31235
040 _aDO-SdBNP